| 000 | 00835nam0a22002291 4500 | ||
|---|---|---|---|
| 001 | rc\4628712 | ||
| 005 | 20130416200249.4 | ||
| 035 | _a(NLR Aleph) 008403506 | ||
| 090 |
_a9251045 _c9251045 |
||
| 100 | _a20130416d1957 |||y0rusy50 ca | ||
| 101 | 0 | _arus | |
| 102 | _aRU | ||
| 105 | _ay c ||||| | ||
| 200 | 1 |
_aМетодические указания к выполнению контрольных работ по литературе _eДля учащихся 1 и 2 курса _e(О работе над сочинением) _fВсесоюз. заоч. кооп. техникум Центросоюза |
|
| 210 |
_a[Москва] _cБ. и. _d1957 |
||
| 215 |
_a32 с. _d20 |
||
| 700 | 1 |
_aСемизоров _bЛ. С. |
|
| 801 | 0 |
_aRU _bNLR _gpsbo |
|
| 801 | 1 |
_aRU _bELAR _2rusmarc |
|
| 852 |
_aNLR _j57-4/4474 |
||
| 942 | _cBOOK | ||
| 980 | _aNB | ||